00825nam a2200169 a 450000100100000000500170001000800410002704000250006808200150009311001420010824501500025026000890040030000270048904900090051695201130052599900170063800002960820200930055655.0110404s1981 dr a 000 0 spa d aDO-SdBNPbspacBNPHU axxxxbR4261 aRepública Dominicana .bSecretaría de estado de Obras Públicas y Comunicaciones,bDirección General Reglamentos y Sistemas95486510aRecomendaciones provisionales para instalaciones sanitarias en edificaciones :bsistemas de drenaje de aguas negras y pluviales en edificaciones. aSanto Domingo :bSecretaría de estado de Obras Públicas y Comunicaciones,c1981. a37 p. :bil. ;c28 cm. aBNPD 0010718PDaPDbPDcCTd2011-04-19iLF1l0oxxxx R426p29608-10r2020-06-25w2020-06-25yLFPDZNo se presta c29100d29100